01149nam a2200193Ia 4500001000900000003001000009008004100019040002500060041001300085100002600098245006100124250001100185260006600196300001200262500026000274501011400534520026000648650004700908L120-814IT-CnALBA170116s9999||||xx |||||||||||||| ||und|| aIT-CnALBAcIT-CnALBA aITALIANO aCAMPUS APOSTOLI MARIA 0aPROBLEMA (IL) GNOSEOLOGICO IN S. AGOSTINO E S. TOMMASO.  a1a ed. aFIRENZEbLE MONNIER FELICE E SUCCESSORIc1943 [1° Ed.: n.d.] a170 p.  aANTROPOLOGIA IN S. AGOSTINO E S. TOMMASO. PROBLEMA DELLA CONOSCENZA E DELLA CONOSCENZA SENSIBILE. CONOSCENZA INTELLETTUALE IN S. AGOSTINO E S. TOMMASO. COLLABORAZIONE DEI SENSI NELLA CONOSCENZA. COLLABORAZIONE DIVINA NELLA CONOSCENZA UMANA. CONCORSO DIVIN aSocietà San Paolo EM - Piazza San Paolo, 14 - 12051 ALBA (CN) (non commercial uses only) ® Copyright 2017 aANTROPOLOGIA IN S. AGOSTINO E S. TOMMASO. PROBLEMA DELLA CONOSCENZA E DELLA CONOSCENZA SENSIBILE. CONOSCENZA INTELLETTUALE IN S. AGOSTINO E S. TOMMASO. COLLABORAZIONE DEI SENSI NELLA CONOSCENZA. COLLABORAZIONE DIVINA NELLA CONOSCENZA UMANA. CONCORSO DIVIN aGNOSEOLOGIA - CAUSALITÀ - FINE DELL'UOMO